000 00432nam a2200169Ia 4500
008 230711s9999||||xx |||||||||||||| ||und||
020 _a978-0-8478-3301-6
041 _aENG
082 _a720.92
_bRI-Z
100 _aRizzoli Publication
245 0 _aZaha hadid complete works
250 _a1st Ed.
260 _c2012
_aNew York
_bRizzoli International Publications Inc
300 _a256p.
650 _aArchitecture
942 _cBK
999 _c5851
_d5851